| 000 | 00431nam a2200145Ia 4500 | ||
|---|---|---|---|
| 008 | 230917s9999||||xx |||||||||||||| ||und|| | ||
| 040 |
_e202168 _aMAIN |
||
| 041 | _aEnglish | ||
| 082 | _a301.412 R18W | ||
| 100 | _aRao, D Pulla | ||
| 245 | 0 | _aWoman of disadvantaged groups: Status and empowerment (Essays in honour of Prof. K S Chalam) | |
| 260 |
_aNew Delhi _bSerials Publications _c2011 |
||
| 300 | _axxx, 385 p. | ||
| 942 | _cBK | ||
| 999 |
_c160788 _d160788 |
||